00478nam a2200205Ia 4500008004100000020001800041050001400059100002000073245001700093245002800110245002000138260001500158260001600173260000900189300001500198300002700213300001000240440001400250500000800264170918s9999 xx 000 0 und d a9780439679336 bP942 2004 aPrestone, J. B. aSlam dunk! : bthe story of Yao Ming / cJ. B. Prestone. aNew York : bScholastic, c2004 a24 pages : bcolored illustration ; c20cm. aRead 180. a540